000
00242nam a2200097Ia 4500
001
653814
005
20250826154505.0
008
250824s9999 xx 000 0 und d
245
0
_a
KARNE OYUNU
_c
ANDREW CLEMENTS
260
_b
GÜNIŞIĞI YAYINLARI
999
_c
653814
_d
653814